00315nam a2200121Ia 4500008004100000024001500041082001900056100001800075245001600093260002500109600002100134650003800155250506s9999 xx 000 0 und d a11B-112-BS a005.293072 SAR aSarmad Jamali 0aGeneric ERP aKarachi:bUIT,c2011 aComputer Science aBachelor of Computer Science (BS)